Vlaamse grond Lyrics - Statistics

General Stats
  • This quiz has been taken 13 times
  • The average score is 21 of 25
Answer Stats
Lyrics % Correct
Dit lage land
100%
Doorheen de tijden dit is Vlaamse grond
100%
Doorheen de tijden dit is Vlaamse grond
100%
Graven jihadisten voor ons een graf
100%
In moskeeën Koranscholen
100%
Maakt Vlaanderen Brussels ooit weer groot
100%
Nooit vergeten dit is Vlaamse grond
100%
Nooit vergeten dit is Vlaamse grond
100%
van in de voeren tot het noordzeestrand
100%
waar Vlamingen leven
100%
Belfort en kathedraal onze bakens
75%
Blijven we strijden dit is Vlaamse grond
75%
Blijven we strijden Dit is vlaamse grond
75%
Brussel hoofdstad van ons Vlaanderen
75%
dit is ons land dus bol het af
75%
Duizend jaar Vlaanderen dit is ons land
75%
Laat iedereen weten dit is Vlaamse grond
75%
Laat iedereen weten dit is Vlaamse grond
75%
Leeuwen of schapen in de politiek
75%
Leve de Vlaamse republiek
75%
maar ze moeten weten dat de leeuw kan klauwen
75%
Na eeuwen België zo goed als dood
75%
Ondanks vervreemdingen, ganse chaos
75%
Ze zullen hem niet temmen is de juiste leuze
75%
Jij gaat stemmen dus je hebt een keuze
50%
No matching quizzes found
Score Distribution
Percent of People with Each Score
Percentile by Number Answered
Your Score History
You have not taken this quiz